| 000 | 01146nam a2200337 i 4500 | ||
|---|---|---|---|
| 001 | 000026361 | ||
| 003 | DO-SdBNP | ||
| 005 | 20240731094000.0 | ||
| 007 | ta | ||
| 008 | 110315s2010 dr a 000 0 spa d | ||
| 020 | _a9789945020953 | ||
| 040 |
_aDO-SdBNP _bspa _cBNPHU _erda |
||
| 041 | _aspa | ||
| 082 | 4 |
_a497.03 _bG216v 2010 _222 |
|
| 100 | 1 |
_aGarcía Bido, Rafael, _d1953- _953387 _eautor |
|
| 245 | 1 | 0 |
_aVoces de bohío : _bvocabulario de la cultura taína / _cRafael García Bidó. |
| 250 | _acuarta edición | ||
| 264 | 4 |
_aSanto Domingo : _bArchivo General de la Nación, _c©2010. |
|
| 300 |
_a155 páginas : _bilustraciones ; _c23 cm. |
||
| 336 |
_2rdacontent _atexto _btxt |
||
| 337 |
_2rdamedia _asin mediación _bn |
||
| 338 |
_2rdacarrier _avolumen _bnc |
||
| 490 | 0 |
_aCuadernos populares _v3 |
|
| 504 | _aBibliografía : páginas 147-148 | ||
| 590 | _aInventariado, 2018/LP | ||
| 650 | 4 |
_aLenguas indígenas _vDiccionarios _919501 |
|
| 650 | 4 |
_aIndígenas de las antillas _xLenguas _vDiccionarios _919502 |
|
| 650 | 4 |
_aTaínos _xLenguas _vDiccionarios _919503 |
|
| 910 | _aValidado. Control de calidad EMS | ||
| 942 |
_2ddc _cLBS1 |
||
| 999 |
_c25853 _d25853 |
||